[Event "IX EICC"]
[Site "Plovdiv BUL"]
[Date "2008.04.24"]
[Round "4"]
[White "Hoffmann,Mi1"]
[Black "Pavlidis,Ana"]
[Result "1-0"]
[WhiteElo "2471"]
[BlackElo "2280"]
[EventDate "2008.04.21"]

1. e4 c5 2. Nf3 d6 3. d4 Nf6 4. dxc5 Nxe4 5. cxd6 Nc6 6. Na3 Nxd6 7. Nc4 e5
8. c3 f6 9. Be3 Nf5 10. Qc2 Be6 11. Bd3 g6 12. Ncd2 Nxe3 13. fxe3 Bh6 14.
Bc4 Qe7 15. Bxe6 Qxe6 16. e4 O-O 17. Qb3 Qxb3 18. axb3 Rad8 19. Ke2 Kf7 20.
b4 a6 21. Nb3 Rfe8 22. Nc5 Re7 23. h4 Bf8 24. h5 g5 25. Rhf1 h6 26. Nh2 Rc8
27. Ng4 Bg7 28. Ne3 a5 29. Nf5 1-0

[Event "IX EICC"]
[Site "Plovdiv BUL"]
[Date "2008.04.24"]
[Round "4"]
[White "Elkin,L"]
[Black "Kozhuharov,S"]
[Result "0-1"]
[WhiteElo "2213"]
[BlackElo "2433"]
[EventDate "2008.04.21"]

1. e4 c5 2. Nf3 d6 3. d4 Nf6 4. Nc3 cxd4 5. Nxd4 Nc6 6. f3 e5 7. Nb3 Be7 8.
Be3 O-O 9. Qd2 a5 10. Bb5 Na7 11. Bd3 Be6 12. O-O Nc8 13. Qf2 a4 14. Nd2 a3
15. b3 Qa5 16. Nc4 Bxc4 17. Bxc4 Qxc3 18. Bd2 Qxc2 19. Rfc1 Nxe4 20. Rxc2
Nxf2 21. Kxf2 Nb6 22. Bb5 Rfc8 23. Rac1 Rxc2 24. Rxc2 Rc8 25. Rxc8+ Nxc8
26. Bb4 d5 27. Bd7 Nb6 28. Bxe7 Nxd7 29. g4 f6 30. Bxa3 Kf7 31. Bb4 Ke6 32.
a4 d4 33. Ke2 Kd5 34. Be7 Nb8 35. Bf8 g6 0-1

[Event "IX EICC"]
[Site "Plovdiv BUL"]
[Date "2008.04.24"]
[Round "4"]
[White "Lilov,Valeri"]
[Black "Sigalas,F"]
[Result "1-0"]
[WhiteElo "2385"]
[BlackElo "2250"]
[EventDate "2008.04.21"]

1. e4 c5 2. Nc3 a6 3. g3 b5 4. Bg2 Bb7 5. d3 e6 6. f4 b4 7. Nce2 d5 8. e5
Ne7 9. Nf3 Nbc6 10. O-O h5 11. Be3 Nf5 12. Bf2 Be7 13. h3 Qb6 14. c3 a5 15.
Qd2 g6 16. Rac1 a4 17. g4 hxg4 18. hxg4 Nh4 19. Nxh4 Bxh4 20. Ng3 Be7 21.
c4 dxc4 22. Rxc4 Na5 23. Rcc1 Bxg2 24. Kxg2 Qb7+ 25. Ne4 c4 26. Qe3 cxd3
27. Qxd3 Rd8 28. Qf3 Rd5 29. Bc5 Kf8 30. Bxe7+ Kxe7 31. Rf2 Rhd8 32. Nd6
Qa6 33. Qh3 R8xd6 34. Qh4+ g5 35. exd6+ Kxd6 36. Qh8 gxf4 37. Qd8+ Ke5 38.
Qg5+ f5 39. Qxf4+ Kf6 40. Qh6+ Ke5 41. Rxf5+ 1-0

[Event "IX EICC"]
[Site "Plovdiv BUL"]
[Date "2008.04.24"]
[Round "4"]
[White "Stavrianakis,I"]
[Black "Kotrotsos,V"]
[Result "0-1"]
[WhiteElo "2121"]
[BlackElo "2323"]
[EventDate "2008.04.21"]

1. d4 g6 2. Nf3 Bg7 3. g3 d6 4. Bg2 f5 5. O-O Nf6 6. c3 O-O 7. Nbd2 Nc6 8.
Qb3+ Kh8 9. d5 Na5 10. Qa4 c5 11. dxc6 Nxc6 12. e4 Nh5 13. exf5 gxf5 14.
Qh4 Qe8 15. Nb3 Qg6 16. Nbd4 e5 17. Nb5 e4 18. Ng5 Bf6 19. Nxd6 Ne5 20. f4
h6 21. Ndxe4 hxg5 22. fxg5 Bg7 23. Nc5 Rb8 24. Bf4 Qh7 25. g4 Nxf4 26.
Qxh7+ Kxh7 27. Rxf4 fxg4 28. Be4+ Kh8 29. Rxf8+ Bxf8 30. Nb3 Bd7 31. Rd1
Bc6 32. Bf5 Be7 0-1

[Event "IX EICC"]
[Site "Plovdiv BUL"]
[Date "2008.04.24"]
[Round "4"]
[White "Ivanov L.,S"]
[Black "Yordanov,N"]
[Result "0-1"]
[WhiteElo "2129"]
[BlackElo "2296"]
[EventDate "2008.04.21"]

1. e4 e6 2. d4 d5 3. e5 c5 4. c3 Qb6 5. Nf3 Nc6 6. a3 c4 7. Qc2 Na5 8. Nbd2
Bd7 9. Be2 h6 10. O-O Ne7 11. Rb1 Nb3 12. Nxb3 Ba4 13. Bf4 Bxb3 14. Qc1 g5
15. Be3 Nf5 16. Nd2 Ba4 17. g4 Nh4 18. f4 gxf4 19. Bxf4 Ng6 20. Bg3 Be7 21.
Nf3 h5 22. Ng5 h4 23. Bf2 Rg8 24. Kh1 Nf4 25. Qxf4 Bxg5 26. Qf3 Bc2 27. Kg1
Be4 28. Qh3 Bxb1 29. Rxb1 O-O-O 30. Qf3 Rdf8 31. Qg2 f6 32. Bf3 fxe5 33.
dxe5 Be3 34. h3 Bxf2+ 35. Qxf2 Rxf3 0-1

[Event "IX EICC"]
[Site "Plovdiv BUL"]
[Date "2008.04.24"]
[Round "4"]
[White "Kostopoulos,E"]
[Black "Hadzimanolis,A"]
[Result "0-1"]
[WhiteElo "2152"]
[BlackElo "2293"]
[EventDate "2008.04.21"]

1. e4 e5 2. Nf3 Nc6 3. d4 exd4 4. Nxd4 Bc5 5. Be3 Qf6 6. c3 Nge7 7. Qd2 a6
8. Bc4 O-O 9. O-O Qg6 10. f3 d6 11. Qe2 Kh8 12. Nd2 f5 13. Nxf5 Nxf5 14.
Bxc5 dxc5 15. exf5 Bxf5 16. Rfe1 Rad8 17. Nb3 Rde8 18. Qf1 Ne5 19. Rad1 Bc2
20. Bd5 Bxd1 21. Rxd1 Ng4 22. Rd2 c6 23. Bc4 b5 24. Bd3 Qh6 25. h3 Ne3 26.
Qe1 c4 27. Be4 cxb3 28. axb3 Nd5 0-1

[Event "IX EICC"]
[Site "Plovdiv BUL"]
[Date "2008.04.24"]
[Round "4"]
[White "Fragakis,E"]
[Black "Galopoulos,N"]
[Result "0-1"]
[WhiteElo "2133"]
[BlackElo "2243"]
[EventDate "2008.04.21"]

1. e4 c5 2. Nf3 d6 3. d4 cxd4 4. Nxd4 Nf6 5. Nc3 a6 6. Bg5 e6 7. f4 Nbd7 8.
Qf3 Qc7 9. O-O-O b5 10. Bd3 Bb7 11. Rhe1 Be7 12. Qg3 Qb6 13. Nce2 h6 14.
Bxf6 Bxf6 15. f5 Be5 16. Qh3 O-O 17. fxe6 Nc5 18. exf7+ Kh7 19. Qe3 Rac8
20. Kb1 Na4 21. Ka1 Qa5 22. Rb1 Qb4 23. c3 Qa5 24. Bc2 Nb6 25. Bb3 Nc4 26.
Bxc4 Rxc4 27. Nb3 Qxa2+ 0-1

[Event "IX EICC"]
[Site "Plovdiv BUL"]
[Date "2008.04.24"]
[Round "4"]
[White "Kounalakis,E"]
[Black "Kokolias,K"]
[Result "1-0"]
[WhiteElo "2099"]
[BlackElo "2211"]
[EventDate "2008.04.21"]

1. d4 c5 2. c3 cxd4 3. cxd4 d5 4. Nc3 e5 5. e3 exd4 6. exd4 Nc6 7. Nf3 Bb4
8. Be2 Nge7 9. O-O O-O 10. a3 Bxc3 11. bxc3 Na5 12. Ne5 f6 13. Nd3 b6 14.
Re1 Ng6 15. Nb4 Bb7 16. Bg4 Re8 17. Ra2 Qd6 18. Rae2 Rxe2 19. Qxe2 Rf8 20.
Bf5 Nc6 21. Qh5 Bc8 22. Bxg6 hxg6 23. Qxd5+ 1-0

[Event "IX EICC"]
[Site "Plovdiv BUL"]
[Date "2008.04.24"]
[Round "4"]
[White "Vlashki,N"]
[Black "Petrusic,T"]
[Result "1-0"]
[WhiteElo "2206"]
[BlackElo "1956"]
[EventDate "2008.04.21"]

1. b3 d5 2. Bb2 Bf5 3. Nf3 Nf6 4. e3 e6 5. c4 Be7 6. Be2 O-O 7. O-O Nbd7 8.
Nc3 Re8 9. Nh4 Bg6 10. Nxg6 hxg6 11. Qc2 a6 12. f4 dxc4 13. bxc4 c5 14.
Rab1 Qa5 15. Ba1 Rab8 16. Rb3 Qc7 17. Bf3 b6 18. Rfb1 Qc8 19. g3 Bd8 20.
Ne4 Nxe4 21. Qxe4 Nf6 22. Qc6 Nd7 23. Rd3 Re7 24. Kf2 Qxc6 25. Bxc6 Nf6 26.
h3 Bc7 27. Be5 Rd8 28. Rxd8+ Bxd8 29. Bd6 Ra7 30. Bxc5 bxc5 31. Rb8 Kf8 32.
Rxd8+ Ke7 33. Ra8 Rxa8 34. Bxa8 Nd7 35. Bb7 a5 36. Bc6 Nb6 37. Bb5 Nc8 38.
Kf3 f5 39. d3 Kd6 40. Be8 Ne7 41. g4 Kc7 42. a3 Kd8 43. Bf7 Kd7 44. Kg3 Kd6
45. Be8 e5 46. Bf7 exf4+ 47. Kxf4 g5+ 48. Kxg5 fxg4 49. hxg4 Ke5 50. Be8
Ke6 51. Kf4 Nc8 52. Bg6 Nd6 53. Bf5+ Kf6 54. g5+ Ke7 55. a4 Nf7 56. Bg6 Nh8
57. Bh5 g6 58. Bf3 1-0

[Event "IX EICC"]
[Site "Plovdiv BUL"]
[Date "2008.04.24"]
[Round "4"]
[White "Gengler,P"]
[Black "Aristotelous,V"]
[Result "1/2-1/2"]
[WhiteElo "2200"]
[BlackElo "1954"]
[EventDate "2008.04.21"]

1. e4 d6 2. d4 Nf6 3. Nc3 g6 4. Be3 c6 5. h3 b5 6. e5 b4 7. exf6 bxc3 8.
fxe7 Qxe7 9. bxc3 Bg7 10. Bd3 O-O 11. Ne2 c5 12. O-O Nc6 13. Rb1 Be6 14.
Ba6 Rab8 15. Qd2 cxd4 16. Nxd4 Nxd4 17. cxd4 Bxa2 18. Rxb8 Rxb8 19. c4 Bb1
20. c5 dxc5 21. dxc5 Be4 22. Rd1 Bc6 23. Bg5 Qxc5 24. Be3 Qa3 25. Bf1 Re8
26. Rc1 Be4 27. Rc7 Bf5 28. Rxa7 Qb2 29. Qd5 Be6 30. Qc6 Qb8 31. Ba6 Rd8
32. Bf1 h6 33. Qc1 Rc8 34. Qd1 Rd8 35. Qe1 Re8 36. Ra6 Kh7 37. h4 h5 38.
Be2 Qe5 39. Ra5 Qe4 40. Qd1 Kg8 41. Bg5 Bb3 42. Qxb3 Qxe2 43. Ra2 Qe1+ 44.
Kh2 Bd4 45. Qf3 Qe6 1/2-1/2

[Event "IX EICC"]
[Site "Plovdiv BUL"]
[Date "2008.04.24"]
[Round "4"]
[White "Kakkanas,E"]
[Black "Ljangov,P"]
[Result "0-1"]
[WhiteElo "2058"]
[BlackElo "2192"]
[EventDate "2008.04.21"]

1. d4 Nf6 2. Nf3 e6 3. g3 b6 4. Bg2 Bb7 5. O-O c5 6. e3 Qc7 7. b3 Be7 8.
Bb2 d6 9. c4 O-O 10. Nc3 a6 11. Rc1 Nbd7 12. d5 exd5 13. cxd5 Qd8 14. Nh4
g6 15. f4 Ne8 16. Nf3 Bf6 17. e4 b5 18. Qd2 Bg7 19. Rfe1 Nb6 20. Nd1 Bxb2
21. Nxb2 Ng7 22. Ng5 Rc8 23. Rcd1 Re8 24. e5 f6 25. Ne6 Nxe6 26. dxe6 Bxg2
27. exf6 Qxf6 28. Kxg2 d5 29. a4 bxa4 30. Nxa4 Nxa4 31. bxa4 d4 32. Qd3 Rc6
33. Qc4 Kg7 34. Re5 Rcxe6 35. Rxe6 Qxe6 36. Qxe6 Rxe6 37. Rc1 Rc6 38. Rc4
Kf6 39. Kf3 Ke6 40. Ke4 Kd6 41. g4 Rc8 42. f5 Re8+ 43. Kf4 Kd5 44. Rc1 gxf5
45. gxf5 d3 46. f6 c4 47. Rf1 Kd4 0-1

[Event "IX EICC"]
[Site "Plovdiv BUL"]
[Date "2008.04.25"]
[Round "5"]
[White "Kovacevic,A"]
[Black "Stevic,H"]
[Result "1/2-1/2"]
[WhiteElo "2616"]
[BlackElo "2571"]
[EventDate "2008.04.21"]

1. e4 e5 2. Nf3 Nc6 3. Bb5 a6 4. Bxc6 dxc6 5. O-O Be7 6. Nxe5 Qd4 7. Nf3
Qxe4 8. Re1 Qg6 9. Ne5 Qf5 10. d4 Be6 11. Nd2 h5 12. c3 Nf6 13. Qe2 Ng4 14.
Ndf3 Nxe5 15. Qxe5 Qxe5 16. Nxe5 Bd6 17. Ng6 Rh7 18. Nf4 Bxf4 19. Bxf4 Kd7
20. h4 Re8 21. Re3 f6 22. Rae1 1/2-1/2

[Event "IX EICC"]
[Site "Plovdiv BUL"]
[Date "2008.04.25"]
[Round "5"]
[White "Tregubov,P"]
[Black "Dziuba,M"]
[Result "1-0"]
[WhiteElo "2629"]
[BlackElo "2577"]
[EventDate "2008.04.21"]

1. d4 d5 2. c4 c6 3. Nf3 Nf6 4. e3 Bg4 5. h3 Bxf3 6. Qxf3 e6 7. Bd3 Nbd7 8.
Nc3 Bd6 9. cxd5 cxd5 10. O-O O-O 11. e4 dxe4 12. Nxe4 Qb6 13. Nxd6 Qxd6 14.
Qxb7 Qxd4 15. Rd1 Qe5 16. Bf1 Nb6 17. Qa6 Nbd5 18. Qe2 Qxe2 19. Bxe2 Rfb8
20. Bc4 a5 21. b3 a4 22. Bb2 Nb6 23. Be2 Nbd7 24. Bf3 Ra6 25. b4 a3 26. Bc3
h6 27. b5 Ra4 28. Bc6 Nb6 29. Be5 Rc8 30. Rd4 Ra5 31. Rb1 Nfd5 32. Rb3 Ne7
33. Bb7 Rc1+ 34. Kh2 Ned5 35. Bxd5 exd5 36. Rg4 g5 37. f4 Rc2 38. fxg5 h5
39. Rh4 Nd7 40. Bc3 Ra7 41. Rxh5 Kf8 42. Bf6 1-0

[Event "IX EICC"]
[Site "Plovdiv BUL"]
[Date "2008.04.25"]
[Round "5"]
[White "Papaioannou,I"]
[Black "Grachev,B"]
[Result "1/2-1/2"]
[WhiteElo "2566"]
[BlackElo "2610"]
[EventDate "2008.04.21"]

1. d4 d5 2. Nf3 c6 3. e3 Nf6 4. c4 e6 5. Bd3 dxc4 6. Bxc4 Nbd7 7. O-O Bd6
8. Bd3 a6 9. Nbd2 b5 10. a4 Bb7 11. e4 e5 12. dxe5 Bxe5 13. Nb3 O-O 14.
Nxe5 Nxe5 15. Bc2 Nfd7 16. Nd4 c5 17. Nf5 c4 18. Bd2 Qb6 19. Qh5 Rfe8 20.
Be3 Qe6 21. Qg5 g6 22. Rad1 Nd3 23. Bxd3 cxd3 24. Rxd3 Bxe4 25. Nh6+ Kg7
26. Rd4 f6 27. Qg3 Nf8 28. Ng4 h5 29. Bh6+ Kf7 30. f3 hxg4 31. Rxe4 Qb6+
32. Be3 Qb7 33. Rxe8 Rxe8 34. fxg4 Qe4 35. Bg5 Qd4+ 36. Kh1 Nh7 37. Bxf6
Nxf6 38. g5 Re6 39. Qc7+ Kg8 40. gxf6 Rxf6 41. Re1 bxa4 42. h3 Rf7 43. Qc8+
Kg7 44. Qxa6 Qxb2 45. Qxa4 Qc3 46. Qe4 Qf6 1/2-1/2

[Event "IX EICC"]
[Site "Plovdiv BUL"]
[Date "2008.04.25"]
[Round "5"]
[White "Berg,E"]
[Black "Shanava,K"]
[Result "1-0"]
[WhiteElo "2601"]
[BlackElo "2519"]
[EventDate "2008.04.21"]

1. e4 c5 2. Nf3 d6 3. d4 cxd4 4. Nxd4 Nf6 5. Nc3 g6 6. Be3 Bg7 7. f3 a6 8.
Qd2 Nbd7 9. g4 b5 10. O-O-O Bb7 11. g5 Nh5 12. Nce2 Nb6 13. Ng3 Nxg3 14.
hxg3 d5 15. Qf2 Nc4 16. Bxc4 bxc4 17. Ne2 Qa5 18. Bd4 e5 19. Bb6 Qxa2 20.
Nc3 Qa1+ 21. Kd2 Qxb2 22. Rb1 Qa3 23. Bc5 Qa5 24. Rxb7 d4 25. Bb4 dxc3+ 26.
Kxc3 Qd8 27. Re7+ Qxe7 28. Bxe7 Kxe7 29. Qc5+ 1-0

[Event "IX EICC"]
[Site "Plovdiv BUL"]
[Date "2008.04.25"]
[Round "5"]
[White "Swiercz,D"]
[Black "Zelcic,R"]
[Result "1-0"]
[WhiteElo "2413"]
[BlackElo "2591"]
[EventDate "2008.04.21"]

1. Nf3 d5 2. d4 e6 3. c4 Nf6 4. g3 c5 5. cxd5 Nxd5 6. Bg2 cxd4 7. O-O Be7
8. Nxd4 O-O 9. Nc3 Nxc3 10. bxc3 Nd7 11. Rb1 Nc5 12. Qc2 Bd7 13. Ba3 Ba4
14. Qb2 Rb8 15. Bb4 Qd7 16. c4 b6 17. Bc3 Bf6 18. e3 Rfd8 19. f4 h6 20. Qe2
Qe8 21. Rbc1 Rd7 22. Kh1 Rbd8 23. Rg1 e5 24. Nc6 Nd3 25. Rcf1 Rc7 26. Nxd8
Qxd8 27. Bd5 e4 28. Bxf6 Qxf6 29. Bxe4 Nc5 30. Bd5 Re7 31. g4 Qc3 32. Rf3
Qf6 33. e4 Bc6 34. e5 Qg6 35. f5 1-0

[Event "IX EICC"]
[Site "Plovdiv BUL"]
[Date "2008.04.25"]
[Round "5"]
[White "Markus,Rob"]
[Black "Riazantsev,A"]
[Result "0-1"]
[WhiteElo "2557"]
[BlackElo "2638"]
[EventDate "2008.04.21"]

1. Nf3 Nf6 2. g3 d5 3. Bg2 c6 4. O-O Bf5 5. d3 e6 6. Nfd2 h6 7. e4 Bh7 8.
Nc3 Be7 9. Qe2 O-O 10. f4 Na6 11. Kh1 Rc8 12. g4 Nb4 13. g5 hxg5 14. fxg5
Nxe4 15. Ndxe4 dxe4 16. Nxe4 c5 17. Be3 Nd5 18. Bd2 b5 19. Rf2 c4 20. d4
Bf5 21. c3 g6 22. Ng3 Nb6 23. h4 Bd6 24. Nxf5 exf5 25. Qf3 Re8 26. Re1
Rxe1+ 27. Bxe1 Rc7 28. Re2 Re7 29. Bf2 Bc7 30. Kg1 Rxe2 31. Qxe2 Nd5 32.
Qf3 Nf4 33. Qa8 Qxa8 34. Bxa8 Nd3 35. Bc6 b4 36. cxb4 Nxb2 37. Bd5 c3 38.
Bb3 Nd3 39. a3 Bb6 40. Be3 f4 41. Bf2 Nc1 42. Bc2 Ne2+ 43. Kf1 f3 44. a4
Nxd4 45. Be4 c2 46. Bxc2 Nxc2 47. Bxb6 axb6 48. a5 Nxb4 49. axb6 Kf8 50.
Kf2 Ke7 51. Kxf3 Nc6 52. Kg4 Kd6 53. h5 Ne5+ 54. Kh4 gxh5 55. Kxh5 Kc6 56.
Kh6 Kxb6 57. Kg7 Kc5 58. Kf6 Kd6 59. Kf5 Kd5 0-1

[Event "IX EICC"]
[Site "Plovdiv BUL"]
[Date "2008.04.25"]
[Round "5"]
[White "Blagojevic,Dr"]
[Black "Istratescu,A"]
[Result "0-1"]
[WhiteElo "2532"]
[BlackElo "2628"]
[EventDate "2008.04.21"]

1. d4 e6 2. c4 b6 3. Nc3 Bb4 4. e3 Bxc3+ 5. bxc3 Bb7 6. Nf3 f5 7. Be2 Nf6
8. Ba3 Ne4 9. Qb3 c5 10. dxc5 Na6 11. cxb6 Nac5 12. Bxc5 Nxc5 13. Qc2 axb6
14. O-O O-O 15. Nd2 f4 16. e4 e5 17. Rfb1 Rf6 18. Bg4 Rh6 19. f3 Qh4 20.
Bh3 Kh8 21. Nf1 Qe7 22. Rb2 Na4 23. Rb4 Bc6 24. Rd1 Qc5+ 25. Kh1 Rd6 26.
Rxd6 Qxd6 27. Nd2 Qc5 28. Nf1 Kg8 29. Qd2 Qe7 30. Qd3 h5 31. Qd2 g6 32. Rb1
Kg7 33. Rb4 Kf7 34. g3 Qf6 35. Kg2 Ke7 36. Rb1 Rf8 37. gxf4 Qxf4 38. Qd3
Nc5 39. Qe3 Nxe4 40. Re1 Ng5 41. Qxe5+ Kd8 42. Qxf4 Rxf4 43. Nd2 Nxf3 0-1

[Event "IX EICC"]
[Site "Plovdiv BUL"]
[Date "2008.04.25"]
[Round "5"]
[White "Vokarev,S"]
[Black "Golod,V"]
[Result "1/2-1/2"]
[WhiteElo "2502"]
[BlackElo "2606"]
[EventDate "2008.04.21"]

1. e4 c5 2. Nf3 Nc6 3. d4 cxd4 4. Nxd4 Qb6 5. Nb3 Nf6 6. Nc3 e6 7. Qe2 Bb4
8. Bd2 O-O 9. a3 Be7 10. O-O-O d5 11. e5 Ne8 12. Be3 Qc7 13. f4 f6 14. Nb5
Qb8 15. exf6 Nxf6 16. N5d4 e5 17. fxe5 Qxe5 18. Nf3 Qc7 19. Qd2 Kh8 20. Bd3
Ne4 21. Bxe4 dxe4 22. Nfd4 Bg4 23. Nxc6 Qxc6 24. Rdf1 Rfd8 25. Bd4 Be6 26.
Qc3 Qxc3 27. Bxc3 Rac8 28. Nd4 Bc4 29. Re1 Bf6 30. Rxe4 Bd5 31. Re2 Bc4 32.
Re4 Bd5 33. Re2 Bc4 1/2-1/2

[Event "IX EICC"]
[Site "Plovdiv BUL"]
[Date "2008.04.25"]
[Round "5"]
[White "Vasilev,M"]
[Black "Baramidze,D"]
[Result "1-0"]
[WhiteElo "2469"]
[BlackElo "2583"]
[EventDate "2008.04.21"]

1. d4 d5 2. c4 c6 3. Nf3 Nf6 4. e3 a6 5. Nc3 b5 6. c5 Nbd7 7. Be2 g6 8. Qb3
e5 9. a4 Rb8 10. axb5 axb5 11. Qb4 e4 12. Nd2 Bg7 13. Qa5 Qe7 14. Qc7 Qe6
15. Nb3 O-O 16. Ra7 Ne8 17. Qg3 Rb7 18. Rxb7 Bxb7 19. Na5 Ba8 20. O-O f5
21. Rd1 Bf6 22. b4 Bd8 23. Bd2 Bc7 24. Qh3 g5 25. g3 Bb8 26. Ra1 Nc7 27.
Qh5 h6 28. Rf1 Ne8 29. Qh3 Rf7 30. Ra1 Nc7 31. Bh5 Rg7 32. Bd1 Qf6 33. Kh1
Nf8 34. Be2 Nfe6 35. Qf1 h5 36. f4 h4 37. fxg5 Qxg5 38. gxh4 Qxh4 39. Qxf5
Rg5 40. Rg1 Kg7 41. Rxg5+ Nxg5 42. Qg4 Qxg4 43. Bxg4 Nf3 44. Bxf3 exf3 45.
Be1 Na6 46. Na2 Kg6 47. Bg3 Bxg3 48. hxg3 Kf5 49. Kg1 Ke4 50. Kf2 Nc7 51.
Nc1 Na6 52. Na2 Nc7 53. Nb3 Kd3 54. Kxf3 Kc2 55. Nbc1 Ne6 56. Ne2 Kb3 57.
Nec1+ Kc2 58. Kg4 Bb7 59. Kf5 Bc8 60. Ke5 Kd2 61. e4 dxe4 62. Kxe4 Ng5+ 63.
Kf4 Nf7 64. d5 cxd5 65. g4 Nd8 66. Ke5 Bxg4 67. Kxd5 Kc2 68. Kd6 Bf3 69.
Kd7 Nc6 70. Kc7 Nd4 71. Kb6 Kb2 72. c6 Nxc6 73. Kxb5 1-0

[Event "IX EICC"]
[Site "Plovdiv BUL"]
[Date "2008.04.25"]
[Round "5"]
[White "Perunovic,Mil"]
[Black "Efimov,Ig"]
[Result "1-0"]
[WhiteElo "2579"]
[BlackElo "2469"]
[EventDate "2008.04.21"]

1. e4 c6 2. d4 d5 3. e5 Bf5 4. Nf3 e6 5. Be2 Nd7 6. O-O Ne7 7. c3 Bg6 8.
Na3 Nf5 9. Nc2 Be7 10. Nce1 O-O 11. g3 c5 12. h3 cxd4 13. cxd4 Qb6 14. Ng2
Rfc8 15. Nf4 Bd8 16. Nxg6 hxg6 17. Kg2 Nb8 18. g4 Nh4+ 19. Nxh4 Bxh4 20.
Be3 Be7 21. Rb1 Nc6 22. b4 Qd8 23. Qd2 a5 24. b5 Nb8 25. h4 Nd7 26. h5 Nf8
27. hxg6 Nxg6 28. Rh1 Bb4 29. Qd1 Rc3 30. Rh5 Rac8 31. Bd3 Qc7 32. Qe2 Ba3
33. Rbh1 Rxd3 34. Qxd3 Qc2 35. Qxc2 Rxc2 36. Kg3 Rxa2 37. f4 Be7 38. f5 Nh4
39. f6 Rg2+ 40. Kh3 gxf6 41. exf6 Bxf6 42. g5 Nf5 43. gxf6 1-0

[Event "IX EICC"]
[Site "Plovdiv BUL"]
[Date "2008.04.25"]
[Round "5"]
[White "Belov,Vl"]
[Black "Jojua,D"]
[Result "1/2-1/2"]
[WhiteElo "2571"]
[BlackElo "2463"]
[EventDate "2008.04.21"]

1. c4 Nf6 2. Nc3 g6 3. d4 Bg7 4. e4 d6 5. h3 O-O 6. Be3 e5 7. d5 a5 8. Bd3
Na6 9. Nge2 Bd7 10. Bc2 Qe7 11. a3 c6 12. Rb1 c5 13. g4 Ne8 14. Qd2 Bf6 15.
Ng1 Nec7 16. Bd3 Rfb8 17. a4 Nb4 18. Nf3 Nxd3+ 19. Qxd3 Na6 20. Ke2 Bg7 21.
Rbg1 h6 22. h4 Kh7 23. h5 g5 24. Nh2 Bf8 25. Bd2 Kg8 26. Nf1 Nc7 27. Ne3 f6
28. Qc2 Bg7 29. Kd1 b6 30. Rg2 Re8 31. Re1 Qd8 32. Kc1 Kh8 33. Rgg1 Re7 34.
Rg3 Qc8 35. Rg2 Qd8 36. Rf1 Qc8 37. Nf5 Bxf5 38. exf5 Ne8 39. f3 Bf8 40.
Re2 Kg8 41. Qb3 Bg7 42. Ne4 Rb8 43. Re3 Rc7 44. Qd3 1/2-1/2

[Event "IX EICC"]
[Site "Plovdiv BUL"]
[Date "2008.04.25"]
[Round "5"]
[White "Lintchevski,D"]
[Black "Kotanjian,T"]
[Result "0-1"]
[WhiteElo "2450"]
[BlackElo "2570"]
[EventDate "2008.04.21"]

1. e4 c5 2. Nf3 d6 3. Bb5+ Nd7 4. c3 Ngf6 5. Qe2 a6 6. Ba4 b5 7. Bc2 Bb7 8.
O-O e6 9. d4 Qc7 10. a4 Be7 11. dxc5 Nxc5 12. axb5 O-O 13. Bg5 axb5 14.
Nbd2 h6 15. Bh4 g5 16. e5 Rxa1 17. Rxa1 gxh4 18. exf6 Bxf6 19. Nd4 b4 20.
Qh5 Bg7 21. Qxh4 bxc3 22. bxc3 Qd8 23. Qg3 Qg5 24. Nc4 Qxg3 25. hxg3 Rd8
26. Ra7 d5 27. Na5 Ra8 28. Rxa8+ Bxa8 29. f4 Bf6 30. Kf2 Bd8 31. Nac6 Bb6
32. Ke2 Bb7 33. f5 Kg7 34. fxe6 fxe6 35. Ne5 Ba6+ 36. Kf3 Ba5 37. Ne2 Bxe2+
38. Kxe2 Bxc3 39. Ng4 Bd4 40. Bb1 Nd7 41. Nh2 Ba7 42. Nf3 Kf6 43. Bh7 Bb8
44. Kf2 Bd6 45. Bc2 e5 46. Bb3 Nb6 47. g4 e4 48. Nd4 Bf4 49. Nf5 Ke5 50.
Ne7 Bg5 51. Nc6+ Kd6 52. Nd4 Nd7 53. Ke2 Nf6 54. Nf5+ Kc5 55. Ne7 d4 56.
Bc2 Kc4 0-1

[Event "IX EICC"]
[Site "Plovdiv BUL"]
[Date "2008.04.25"]
[Round "5"]
[White "Bocharov,D"]
[Black "Beinoras,M"]
[Result "1-0"]
[WhiteElo "2569"]
[BlackElo "2339"]
[EventDate "2008.04.21"]

1. d4 d5 2. c4 c6 3. Nf3 Nf6 4. e3 e6 5. Bd3 Nbd7 6. O-O Bd6 7. Nc3 O-O 8.
b3 dxc4 9. bxc4 e5 10. Qc2 Re8 11. Ng5 Nf8 12. d5 Qc7 13. Nge4 Nxe4 14.
Nxe4 c5 15. Bb2 Bd7 16. Ng5 Ng6 17. Ne4 Rad8 18. h4 f5 19. Nxd6 Qxd6 20. h5
Ne7 21. f4 e4 22. Be2 Qh6 23. Kf2 Kf8 24. Rh1 Ng8 25. Rab1 Bc8 26. Qa4 b6
27. Qxa7 Re7 28. Qa4 Qd6 29. Qb3 Rb7 30. Be5 Qe7 31. Qc3 Bd7 32. h6 g6 33.
Rb2 Ra8 34. Bd6 1-0

[Event "IX EICC"]
[Site "Plovdiv BUL"]
[Date "2008.04.25"]
[Round "5"]
[White "Fedorchuk,S"]
[Black "Saric,A"]
[Result "1-0"]
[WhiteElo "2671"]
[BlackElo "2505"]
[EventDate "2008.04.21"]

1. e4 e5 2. Nf3 Nf6 3. Nxe5 d6 4. Nf3 Nxe4 5. Nc3 Nxc3 6. dxc3 Be7 7. Bf4
Nc6 8. Qd2 Bf5 9. O-O-O O-O 10. h4 Qd7 11. Bc4 Rae8 12. Ng5 h6 13. f3 hxg5
14. hxg5 Ne5 15. Rh5 g6 16. Rh6 Kg7 17. Qf2 Qa4 18. Rh7+ Kxh7 19. Qh4+ Kg8
20. Bb3 Bxg5 21. Qxg5 Nxf3 22. gxf3 Qc6 23. Rh1 Qxf3 24. Qh6 Bh3 25. Qxg6+
Kh8 26. Qf6+ Kg8 27. Qg5+ Kh7 28. Bd5 Qxh1+ 29. Bxh1 Re1+ 30. Kd2 Rxh1 31.
Qh4+ Kg6 32. Qg3+ Kh7 33. Qf3 Rg1 34. Qxh3+ Kg8 35. Qd7 Rg2+ 36. Kd3 Kg7
37. Bh6+ 1-0

[Event "IX EICC"]
[Site "Plovdiv BUL"]
[Date "2008.04.25"]
[Round "5"]
[White "Skoberne,J"]
[Black "Predojevic,B"]
[Result "0-1"]
[WhiteElo "2492"]
[BlackElo "2651"]
[EventDate "2008.04.21"]

1. Nf3 Nf6 2. c4 e6 3. g3 d5 4. d4 Bb4+ 5. Bd2 Be7 6. Bg2 O-O 7. O-O c6 8.
Qc2 b6 9. Bf4 Nbd7 10. Rd1 Bb7 11. Nc3 Nh5 12. Bc1 f5 13. Ne5 Rc8 14. Qa4
Nxe5 15. dxe5 a6 16. e4 b5 17. Qb3 fxe4 18. Bh3 Kh8 19. Bxe6 d4 20. c5 Bxc5
21. Nxe4 Be7 22. Qd3 c5 23. b4 Rc6 24. Bg4 Qd5 25. Bxh5 Qxe5 26. Be2 Re6
27. f3 Bxe4 28. fxe4 c4 29. Qxd4 Qxd4+ 30. Rxd4 Bf6 31. Be3 Bxd4 32. Bxd4
Rxe4 33. Bc5 Rfe8 34. Bd1 Re1+ 35. Kg2 Rd8 0-1

[Event "IX EICC"]
[Site "Plovdiv BUL"]
[Date "2008.04.25"]
[Round "5"]
[White "Nikolov,M"]
[Black "Moiseenko,A1"]
[Result "1/2-1/2"]
[WhiteElo "2488"]
[BlackElo "2650"]
[EventDate "2008.04.21"]

1. d4 Nf6 2. c4 e6 3. Nf3 d5 4. Nc3 dxc4 5. e4 Bb4 6. Bg5 c5 7. Bxc4 cxd4
8. Nxd4 Qa5 9. Bxf6 Bxc3+ 10. bxc3 gxf6 11. O-O a6 12. Bb3 Bd7 13. Qf3 Qe5
14. Qe3 Nc6 15. f4 Qc5 16. f5 O-O-O 1/2-1/2

[Event "IX EICC"]
[Site "Plovdiv BUL"]
[Date "2008.04.25"]
[Round "5"]
[White "Kritz,L"]
[Black "Tratar,M"]
[Result "1-0"]
[WhiteElo "2609"]
[BlackElo "2477"]
[EventDate "2008.04.21"]

1. e4 e6 2. Nc3 d5 3. d4 dxe4 4. Nxe4 Nd7 5. Nf3 Ngf6 6. Bd3 c5 7. O-O cxd4
8. Nxd4 Be7 9. Re1 O-O 10. c3 a6 11. Qf3 Nd5 12. Qg3 Qc7 13. Qxc7 Nxc7 14.
Bg5 Bxg5 15. Nxg5 Nf6 16. Ne4 Ncd5 17. c4 Nxe4 18. Bxe4 Nf6 19. Bf3 Re8 20.
Re3 Kf8 21. Rc1 Re7 22. Nb3 Rc7 23. Na5 Rb8 24. Rb3 Nd7 25. Rd1 b5 26. Rb4
Ne5 27. Be2 Rd7 28. Rxd7 Bxd7 29. f4 Ng6 30. c5 Rc8 31. Rd4 Rxc5 32. Rxd7
Rc2 33. Bd3 Rxb2 34. Bxg6 hxg6 35. a3 f6 36. Nc6 Rb3 37. Nd4 Rxa3 38. Nxe6+
Ke8 39. Rb7 Re3 40. f5 gxf5 41. Nxg7+ 1-0

[Event "IX EICC"]
[Site "Plovdiv BUL"]
[Date "2008.04.25"]
[Round "5"]
[White "Sarakauskas,G"]
[Black "Huzman,A"]
[Result "0-1"]
[WhiteElo "2449"]
[BlackElo "2602"]
[EventDate "2008.04.21"]

1. d4 Nf6 2. Nf3 g6 3. Nc3 d5 4. Bg5 Bg7 5. Bxf6 exf6 6. e4 dxe4 7. Nxe4
O-O 8. Be2 Re8 9. Ng3 f5 10. Qd2 Qd6 11. O-O-O Nc6 12. Bc4 h6 13. Rhe1 Bd7
14. Ne5 Nxe5 15. dxe5 Bxe5 16. Qe3 Bf4 17. Rxd6 Bxe3+ 18. Rxe3 cxd6 19. Rd3
f4 20. Rxd6 fxg3 21. Rxd7 Re1+ 22. Kd2 gxh2 0-1

[Event "IX EICC"]
[Site "Plovdiv BUL"]
[Date "2008.04.25"]
[Round "5"]
[White "Llaneza Vega,M"]
[Black "Gajewski,G"]
[Result "1-0"]
[WhiteElo "2425"]
[BlackElo "2601"]
[EventDate "2008.04.21"]

1. e4 c5 2. Nc3 a6 3. Nf3 d6 4. d4 cxd4 5. Nxd4 Nf6 6. Be2 e6 7. Be3 Nc6 8.
Qd2 Be7 9. O-O-O O-O 10. f4 d5 11. e5 Nd7 12. h4 Nxd4 13. Bxd4 b5 14. Bd3
b4 15. Ne2 Nc5 16. Bxc5 Bxc5 17. Rh3 f6 18. Rg3 f5 19. h5 Qb6 20. Kb1 a5
21. Rh3 Bf2 22. Rf1 a4 23. Rf3 Bc5 24. g4 fxg4 25. Rg3 Ba6 26. Nc1 Rfc8 27.
f5 b3 28. cxb3 axb3 29. Nxb3 Bb4 30. Qe2 Bxd3+ 31. Qxd3 Qa7 32. Nc1 Rxc1+
33. Rxc1 Qxa2+ 34. Kc2 Ra3 35. Qb5 Rxg3 36. Qxb4 h6 37. fxe6 Rg2+ 38. Kd3
Qa6+ 39. Kd4 Re2 40. Qb8+ Kh7 41. e7 Re4+ 42. Kc5 Rc4+ 43. Rxc4 Qxc4+ 44.
Kd6 Qa6+ 45. Kc7 1-0